000 01091nam0a2200277 4500
001 RU\NLR\bibl\1168799
005 20260407064836.0
021 _aRU
_b2007-76814
_94135
035 _a(NLR Aleph) 001155500
090 _a1504545
_c1504545
100 _a20071214d2007 |||y0rusy50 ca
101 0 _arus
102 _aRU
105 _aa |||||||||
200 1 _aСтроительное оборудование
_eкаталог
_fКонцерн ПромСнабКомплект
210 _a[Санкт-Петербург
_cб. и.]
_d2007
215 _a80 с.
_cил.
_d21
225 1 _aБиблиотека главного инженера, начальника отдела снабжения
606 1 _aСтроительное оборудование
_jКаталоги
_91690252
_3RU\NLR\auth\661049791
686 _aН6-5я87
712 0 2 _4570
_a"ПромСнабКомплект", концерн
_cСанкт-Петербург
_3RU\NLR\AUTH\8810032246
_9563035
801 0 _aRU
_bNLR
_c20071214
_gRCR
801 1 _aRU
_bNLR
_c20071214
942 _cBOOK
980 _aNB